Gran Galà del calcio AIC 2013 - Statistics

Statistiche generali
  • Questo quiz è stato fatto 59 volte
  • Il punteggio medio è 13 su 16
Statistiche sulle risposte
Categoria Nazione Squadra Calciatore % Corretto
Squadra dell'anno: Portiere Slovenia Inter Samir Handanovič
98%
Squadra dell'anno: Attaccante Uruguay Napoli Edinson Cavani
94%
Squadra dell'anno: Difensore Italia Juventus Giorgio Chiellini
94%
Squadra dell'anno: Difensore Italia Juventus Andrea Barzagli
92%
Squadra dell'anno: Centrocampista Cile Juventus Arturo Vidal
92%
Squadra dell'anno: Attaccante Italia Udinese Antonio Di Natale
90%
Squadra dell'anno: Centrocampista Italia Juventus Andrea Pirlo
86%
Migliore allenatore Italia Juventus Antonio Conte
86%
Miglior società - - Juventus
84%
Migliore calciatore della Serie B Italia Sassuolo Domenico Berardi
82%
Migliore calciatore assoluto Italia Juventus Andrea Pirlo
75%
Squadra dell'anno: Difensore Italia Napoli Christian Maggio
73%
Squadra dell'anno: Centrocampista Spagna Fiorentina Borja Valero
71%
Migliore arbitro - - Nicola Rizzoli
49%
Squadra dell'anno: Attaccante Italia Milan Mario Balotelli
47%
Squadra dell'anno: Difensore Italia Milan Mattia De Sciglio
39%
Nessun quiz corrispondente trovato
Distribuzione punteggi
Percentuale di utenti per punteggio
Percentile per numero di risposta
I tuoi punteggi nel tempo
Non hai fatto questo quiz